Normal view
MARC view
- LENGUAJE Y LENGUAS -
Entry Materia
001 - NÚMERO DE CONTROL DEL REGISTRO
- campo de control: 4657
003 - IDENTIFICADOR DE NUMERO DE CONTROL
- campo de control: UPN
005 - FECHA Y HORA DE LA ÚLTIMA TRANSACCIÓN
- campo de control: 20210219193644.0
008 - DATOS DE LONGITUD FIJA
- campo de control de longitud fija: nabaccnnaabn|||||||||| b |nc|||||d
035 ## - NÚMERO DE CONTROL DEL SISTEMA
- Número de control del sistema: UPN10000004657
040 ## - FUENTE DE LA CATALOGACIÓN
- Lengua de catalogación: SPA
- Agencia de transcripción: UPN
150 ## - ENCABEZAMIENTO - TEMÁTICO
- Término de materia o nombre geográfico como elemento inicial: LENGUAJE Y LENGUAS -
- Subdivisión de forma: AUTOAPRENDIZAJE
360 ## - REFERENCIA COMPLEJA DE VÉASE ADEMÁS - MATERIA
- Texto explicativo: Subdivisión
- Encabezamiento al que se remite: AUTOAPRENDIZAJE
- Texto explicativo: bajo lenguas individuales y grupos de lenguas, ej.
- Encabezamiento al que se remite: INGLES - AUTOAPRENDIZAJE
670 ## - FUENTE EN LA QUE SE LOCALIZARON DATOS
- Cita de la fuente: LC
- Información localizada: Language and languages - Self-instruction
902 ## - CATALOGADOR
- Catalogador: MMA/240806
